000 00924cam a2200289 4500
001 WS115633
008 011120n 000 0 eng u
035 _a(Sirsi) u115633
245 _aEnergy Efficiency and Renewable Energy Network
520 _aWeb site set up by the US Department of Energy which serves as a gateway to energy efficiency and renewable energy information.
650 _aUSA
650 _aINTERNATIONAL
650 _aRENEWABLE ENERGY
650 _aENERGY EFFICIENCY
650 _aBIOENERGY
650 _aGEOTHERMAL ENERGY
650 _aHYDRO ELECTRICITY
650 _aHYDROPOWER
650 _aSOLAR ENERGY
650 _aTRANSPORT
650 _aBUILDINGS
650 _aENERGY CONSERVATION
650 _aENERGY AUDITS
690 _aENVIRONMENTAL AND LAND CONSULTANCY-ENERGY
856 4 0 _uhttps://www.eren.doe.gov
_zView the website free of charge at www.eren.doe.gov...
942 _n0
999 _c119951
_d119951